Normal view
MARC view
- BOOTLE , KELLY, S
Entry Personal Name
001 - CONTROL NUMBER
- control field: 66076
003 - CONTROL NUMBER IDENTIFIER
- control field: NUST
005 - DATE AND TIME OF LATEST TRANSACTION
- control field: 20210628203531.0
008 - FIXED-LENGTH DATA ELEMENTS
- fixed length control field: 210628|| aca||aabn | a|a d
040 ## - CATALOGING SOURCE
- Original cataloging agency: NUST
- Transcribing agency: NUST
100 ## - HEADING--PERSONAL NAME
- Personal name: BOOTLE , KELLY, S
670 ## - SOURCE DATA FOUND
- Source citation: Work cat.: (NUST): BOOTLE , KELLY, S, THE DEVILS DP DICTIONARY, 1981
